|
|
|
|
| LEADER |
01040nta a2200241 i 4500 |
| 001 |
dokt720 |
| 005 |
20250530111848.0 |
| 008 |
110411s2011 hu om 000 hun d |
| 024 |
7 |
|
|a 10.14232/phd.720
|2 doi
|
| 040 |
|
|
|a SZTE Doktori Repozitórium
|b hun
|
| 041 |
|
|
|a hun
|
| 100 |
1 |
|
|a Mohl Melinda
|
| 245 |
1 |
0 |
|a Egydimenziós fém nanoszerkezetek előállítása és vizsgálata
|h [elektronikus dokumentum] /
|c Mohl Melinda
|
| 246 |
1 |
0 |
|a Preparation and Characterization of One-Dimensional Nanostructures
|h [elektronikus dokumentum]
|
| 260 |
|
|
|c 2011-05-17
|
| 300 |
|
|
|a 108
|
| 502 |
|
|
|a Disszertacio
|
| 650 |
|
4 |
|a kémiai tudományok
|
| 650 |
|
4 |
|a Kémiai tudományok
|
| 700 |
0 |
1 |
|a Kónya Zoltán
|e ths
|
| 856 |
4 |
0 |
|u https://doktori.bibl.u-szeged.hu/id/eprint/720/4/Disszertacio_Mohl_Melinda.pdf
|z Dokumentum-elérés
|
| 856 |
4 |
0 |
|u https://doktori.bibl.u-szeged.hu/id/eprint/720/11/2011_mohl_melinda_tezis_hun.pdf
|z Dokumentum-elérés
|
| 856 |
4 |
0 |
|u https://doktori.bibl.u-szeged.hu/id/eprint/720/3/Thesis_english_Mohl_Melinda.pdf
|z Dokumentum-elérés
|